00830nam a2200241Ia 450000500170000000800410001702000190005808200170007710000240009424500640011825000190018230000520020149000120025360000640026560000570032965000320038670000220041826400250044033600270046533700330049233800280052504000350055320220317001116.0160825s2008 sp a g 000 0 spa  a9788481562501204a927.46bB17p1 aBattistini, Matilde10aPicassocMatilde Battistini ; traducción Víctor Gallego a1a. edición  a143 páginas bilustraciones en color c22 cm  aArtBook14aPicasso, Pablo d1881 - 1973xCrítica e interpretación 14aPicasso, Pablo d1881 - 1973xTrabajos pictóricos 14aPintores españoles 2LEMB1 aGallego, Víctor aMadridbElectac2008 atextobtxt2rdacontent asin mediaciónbn2rdamedia avolumenbnc2rdacarrier aCO-BoRNBPbspaerdacCO-BoRNBP